01024nam a2200229 i 45000010005000000030009000050050017000140080039000310150017000700400035000870800013001222450251001352600066003863000026004523800017004786500025004957000044005207000034005647000047005987100052006458560097006978776KOSZ 00520191012105747.0080411s1962 pl g 000 0 pol aPB 1962/5928 aWA NcKOSZ 005/IDdKOSZ 005/ID a371.3:4000aZ problematyki nauczania języków obcych :bwybór artykułów z Księgi pamiątkowej I Zjazdu Neofilologów (1929) i z Neofilologa (1930-1939) /cwyboru dokonali Antoni Prejbisz, Eugenia Sowińska, Tadeusz Woźnicki ; red. A. Prejbisz. aWarszawa :bPaństwowe Zakłady Wydawnictw Szkolnych,c1962. a227, [1] s. ;c21 cm. aKsiążki. 4aJęzykixnauczanie.1 aPrejbisz, Antonid(1909-1980).eWybór1 aSowińska, Eugenia.eWybór1 aWoźnicki, Tadeuszd(1914-1998).eWybór2 aPaństwowe Zakłady Wydawnictw Szkolnych4pbl. uhttp://koha.tu.koszalin.pl/cgi-bin/koha/opac-detail.pl?biblionumber=8776yKatalog online BPK